Logo klubów piłki nożnej - Statystyki

Ogólne statystyki
  • Ten quiz został rozwiązany 19 017 razy
  • Średni wynik to 13 z 20
Statystyki odpowiedzi
Obrazkowy Odpowiedź % Poprawnych
Barcelona
100%
Real Madryt
96%
Liverpool
94%
Paris Saint-Germain
94%
Bayern Monachium
90%
Juventus
86%
A.S. Roma
83%
Valencia
67%
S.L. Benfica
64%
1. FC Köln
58%
Galatasaray
55%
Leicester City
54%
Santos
53%
Wolverhampton Wanderers
51%
Hull City
45%
Nottingham Forest
42%
Swansea City
42%
Olympiakos
41%
Hajduk Split
27%
Kaizer Chiefs
10%
Nie znaleziono quizów pasujących do podanych kryteriów
Rozkład punktacji
Procent ludzi z każdym wynikiem
Percentyl według liczby udzielonych odpowiedzi
Twoja historia wyników
Nie rozwiązałeś tego quizu